Building production management techniques (Record no. 106877)
[ view plain ]
| 000 -LEADER | |
|---|---|
| fixed length control field | 00383cam a22001575a 4500 |
| 001 - CONTROL NUMBER | |
| control field | L137701 |
| 008 - FIXED-LENGTH DATA ELEMENTS--GENERAL INFORMATION | |
| fixed length control field | 070424s1999 xxk f 000 0 eng d |
| 020 ## - INTERNATIONAL STANDARD BOOK NUMBER | |
| International Standard Book Number | 0582357047 |
| 035 ## - SYSTEM CONTROL NUMBER | |
| System control number | (Sirsi) u137701 |
| 041 0# - LANGUAGE CODE | |
| Language code of text/sound track or separate title | eng |
| 100 1# - MAIN ENTRY--PERSONAL NAME | |
| Personal name | Moore, D.R |
| 245 00 - TITLE STATEMENT | |
| Title | Building production management techniques |
| 260 ## - PUBLICATION, DISTRIBUTION, ETC. | |
| Place of publication, distribution, etc. | Longman |
| Date of publication, distribution, etc. | 1999 |
| 651 #4 - SUBJECT ADDED ENTRY--GEOGRAPHIC NAME | |
| Geographic name | England and Wales |
| Chronological subdivision | 1543- |
| 942 ## - ADDED ENTRY ELEMENTS (KOHA) | |
| Suppress in OPAC | 0 |
No items available.